00410nam a2200157Ia 4500003000400000008004100004040001600045082001300061100001800074245005600092260003200148300001000180490002500190650001500215650002200230GCL140319s9999 xx 000 0 eng d aGCL / cGCL04a843bM P1 aMAALOUF, AMIN10aLE PREMIER SIECLE A PRES BEATRICE / cMAALOUF, AMIN a[S.N] : bGRASSET ، c1994 a189 P aLE LIVRE DE POCHEv004aLITERATURE04aFRENCH LITERATURE